01000nam a2200265 c 4500001001000000003000400010005001700014008004100031040002500072082001900097100003400116245009800150260003300248300002100281490002700302590002700329650003100356650003200387830003400419910001500453942001300468952011600481952012200597999001500719000009030OSt20200929161451.0810205s1967 ck 000 0 spa  aDO-SdBNPbspacBNPHU aC863.44bM722e1 aMolina Uribe, Antonio.92367011a!A echar cuentos, pues...! :bconsejas y leyendas del mito campesino /cAntonio Molina Uribe. aMedellín :bBedout,c1967. a226 p. ;c19 cm.1 aBolsilibros Bedoutv21 aInventariado, 2020/ YL 4aCuentos colombianos921475 4aLiteratura colombiana91244 aBolsilibros Bedoutn21976694 aEn proceso 2ddccLF1 001050718MOaGRbGRcHDd2009-09-23iLF1l0oC863.44 M722ep9030-10r2020-06-25w2020-06-25y1ZNo se presta 001150718MOaGRbGRcMId2017-04-06iLF1l0oC863.44 M722ep9030-20r2020-06-25te. 2w2020-06-25y1ZNo se presta c8794d8794